000 00682nam a2200253Ia 4500
003 OSt
005 20220918163316.0
006 a|||||r|||| 00| 0
007 ta
008 220917b |||||||| |||| 00| 0 eng d
020 _a0 521 55738 0
024 _a253,039
037 _cTextual
040 _aARTS
_cARTS
_beng
041 _2eng
_aeng
082 _aZ0aS, N7
100 _aKapardis Andreas
_912609
245 0 _aPsychology and law
_b A critical introduction
260 _aCambridge
_bCambridge University Press UK
_c1997
300 _aix,385p.
_ccm.
650 _aLAW
_97240
942 _hZ0aS, N7
_cTEXL
_2CC
999 _c119038
_d119038